<?xml version="1.0" encoding="UTF-8"?>
<record
    xmlns:xsi="http://www.w3.org/2001/XMLSchema-instance"
    xsi:schemaLocation="http://www.loc.gov/MARC21/slim http://www.loc.gov/standards/marcxml/schema/MARC21slim.xsd"
    xmlns="http://www.loc.gov/MARC21/slim">

  <leader>02686nam a2200289 a 4500</leader>
  <controlfield tag="001">000022333</controlfield>
  <controlfield tag="003">DO-SdBNP</controlfield>
  <controlfield tag="005">20250621074006.0</controlfield>
  <controlfield tag="008">090331s1984    dr            000 0 spa d</controlfield>
  <datafield tag="040" ind1=" " ind2=" ">
    <subfield code="a">DO-SdBNP</subfield>
    <subfield code="b">spa</subfield>
    <subfield code="c">BNPHU</subfield>
  </datafield>
  <datafield tag="082" ind1=" " ind2=" ">
    <subfield code="a">301</subfield>
    <subfield code="b">C352e, 1984</subfield>
  </datafield>
  <datafield tag="100" ind1="1" ind2=" ">
    <subfield code="a">Castillo, Jos&#xE9; del</subfield>
    <subfield code="9">2145</subfield>
  </datafield>
  <datafield tag="245" ind1="1" ind2="0">
    <subfield code="a">Ensayos de sociolog&#xED;a dominicana /</subfield>
    <subfield code="c">Jos&#xE9; del Castillo.</subfield>
  </datafield>
  <datafield tag="250" ind1=" " ind2=" ">
    <subfield code="a">2a ed.</subfield>
  </datafield>
  <datafield tag="260" ind1=" " ind2=" ">
    <subfield code="a">Santo Domingo :</subfield>
    <subfield code="b">Taller,</subfield>
    <subfield code="c">1984.</subfield>
  </datafield>
  <datafield tag="300" ind1=" " ind2=" ">
    <subfield code="a">210 p. ;</subfield>
    <subfield code="c">21cm.</subfield>
  </datafield>
  <datafield tag="490" ind1="1" ind2="0">
    <subfield code="a">Biblioteca Taller</subfield>
    <subfield code="v">164</subfield>
  </datafield>
  <datafield tag="505" ind1="0" ind2=" ">
    <subfield code="a">Dedicatoria Reconocimiento -- Pr&#xF3;logo -- Pol&#xED;tica-- Elecciones -- El comportamiento electoral dominicano -- Elecciones del 62 : entre conservaci&#xF3;n y reforma -- Elecciones del 66 : entre la guerra y la paz -- El fantasma de la reelecci&#xF3;n -- La antesala agraria de la reelecci&#xF3;n -- El desacuerdo del acuerdo -- Atrapado por los cambios -- El desgaste del modelo -- La viabilidad del cambio -- BALAGUER Autorretrato hablado de Joaquin Balaguer -- Balaguer y el autoritarismo corporativo -- PRD PRD : conflicto de &#xE9;lites y carismas -- El problema del carisma -- Alianzas pol&#xED;ticas y escisi&#xF3;n del PRD -- El caso del PRD en el contexto latinoamericano -- PARTIDOS Las tendencias centr&#xED;fugas de la pol&#xED;tica dominicana -- SINDICATOS La atomizaci&#xF3;n del movimiento sindical -- El empresario a la palestra -- Sociedad -- Braceros -- El problema de los braceros : or&#xED;genes -- Nuestra dependencia del bracero haitiano -- La paradoja d ela zafra -- El factor humano en la ca&#xF1;a -- Las lecciones del corte tradicional modificado -- El habitat del bracer -- La dominicanizaci&#xF3;n de la zafra -- Cambios sociales -- La velocidad del cambio -- La explosi&#xF3;n urbana -- Prejuicio racial</subfield>
  </datafield>
  <datafield tag="505" ind1="0" ind2=" ">
    <subfield code="a">La frontera invisible del prejuicio --Dominicanos ausentes -- Par&#xE1;metros presentes de los dominicanos ausentes -- Los dominicanos ausentes y el derecho al voto -- Historia --Imigraciones -- El sue&#xF1;o dorado de las migraciones blancas -- Hostos y la panacea migratoria -- La inmigraci&#xF3;n amarilla -- Im&#xE1;genes dominicanas del haitiano -- La inmigraci&#xF3;n haitiana : or&#xED;genes -- Demograf&#xED;a de la inmigraci&#xF3;n haitiana -- Meri&#xF1;o -- Meri&#xF1;o y el pensamiento conservador dominicano -- El sacerdote se calza de botas -- Comunicaci&#xF3;n y pol&#xED;tica -- El tel&#xE9;grafo maquiav&#xE9;lico -- Trabao y ocio -- Nuestra proverbial haraganer&#xED;a.</subfield>
  </datafield>
  <datafield tag="590" ind1=" " ind2=" ">
    <subfield code="a">Inventariado, 2018/VM</subfield>
  </datafield>
  <datafield tag="600" ind1="1" ind2="0">
    <subfield code="a"> Balaguer, Joaqu&#xED;n,</subfield>
    <subfield code="d">1906-2002</subfield>
    <subfield code="9">76556</subfield>
  </datafield>
  <datafield tag="651" ind1="1" ind2="4">
    <subfield code="a">Rep&#xFA;blica Dominicana</subfield>
    <subfield code="x">Condiciones sociales</subfield>
    <subfield code="9">46</subfield>
  </datafield>
  <datafield tag="651" ind1="1" ind2="0">
    <subfield code="a">Rep&#xFA;blica Dominicana</subfield>
    <subfield code="x">Pol&#xED;tica y gobierno</subfield>
    <subfield code="9">45</subfield>
  </datafield>
  <datafield tag="830" ind1=" " ind2="0">
    <subfield code="a">Biblioteca Taller</subfield>
    <subfield code="n">164</subfield>
    <subfield code="9">46092</subfield>
  </datafield>
  <datafield tag="910" ind1=" " ind2=" ">
    <subfield code="a">Validado. Control de calidad MFF</subfield>
  </datafield>
  <datafield tag="942" ind1=" " ind2=" ">
    <subfield code="2">ddc</subfield>
    <subfield code="c">LBS1</subfield>
  </datafield>
  <datafield tag="952" ind1=" " ind2=" ">
    <subfield code="0">0</subfield>
    <subfield code="1">0</subfield>
    <subfield code="2">ddc</subfield>
    <subfield code="5">1</subfield>
    <subfield code="7">0</subfield>
    <subfield code="8">PD</subfield>
    <subfield code="a">BNPHU</subfield>
    <subfield code="b">BNPHU</subfield>
    <subfield code="c">CT</subfield>
    <subfield code="d">2010-09-27</subfield>
    <subfield code="e">Donaci&#xF3;n</subfield>
    <subfield code="o">BNPHU PD 301 C352e 1984</subfield>
    <subfield code="p">22333-10</subfield>
    <subfield code="r">2020-06-25</subfield>
    <subfield code="w">2020-06-25</subfield>
    <subfield code="y">LBS1</subfield>
    <subfield code="z">Perteneci&#xF3; a la biblioteca personal de la familia Reyes Duluc.</subfield>
  </datafield>
  <datafield tag="952" ind1=" " ind2=" ">
    <subfield code="0">0</subfield>
    <subfield code="1">0</subfield>
    <subfield code="2">ddc</subfield>
    <subfield code="5">1</subfield>
    <subfield code="7">0</subfield>
    <subfield code="8">PD</subfield>
    <subfield code="a">BNPHU</subfield>
    <subfield code="b">BNPHU</subfield>
    <subfield code="c">HD</subfield>
    <subfield code="d">2015-01-28</subfield>
    <subfield code="o">BNPHU PD 301 C352e, 1984</subfield>
    <subfield code="p">22333-20</subfield>
    <subfield code="r">2020-06-25</subfield>
    <subfield code="t">e. 2</subfield>
    <subfield code="w">2020-06-25</subfield>
    <subfield code="y">LBS1</subfield>
  </datafield>
  <datafield tag="999" ind1=" " ind2=" ">
    <subfield code="c">21831</subfield>
    <subfield code="d">21831</subfield>
  </datafield>
</record>
